Otros hombres

שמור ב:
מידע ביבליוגרפי
מחבר ראשי: Lamana, Manuel (Author)
פורמט: ספר
שפה:ספרדית
יצא לאור: Buenos Aires Losada 1956
סדרה:Novelistas de España y América
נושאים:
תגים: הוספת תג
אין תגיות, היה/י הראשונ/ה לתייג את הרשומה!

MARC

LEADER 00000nam a2200000 a 4500
001 UCQ5674
003 CL-VaPUC
008 981002e19560000AG |||||||||||||||||spa|d
082 0 4 |a 863  |b LAM  |2 21 
100 0 |a Lamana, Manuel  |e author  |9 419710 
245 1 0 |a Otros hombres 
300 |a 240 p 
942 |c BK 
945 |d 19981002 00:00:00  |a crobeson 
260 |a Buenos Aires  |b Losada  |c 1956 
650 0 |a Novelas españolas  |9 265052 
650 0 |a Literatura española  |9 306261 
583 |a last modification  |c 19981002 00:00:00  |k Rodrigo Vera 
490 0 |a Novelistas de España y América 
999 |c 275879  |d 275877 
952 |0 0  |1 0  |4 0  |6 863_000000000000000_LAM_1956  |7 0  |8 A  |9 312737  |a BIBEDU  |b BIBEDU  |d 2019-11-20  |i 1475835  |o 863 LAM 1956  |p 1475835  |r 2019-11-20  |w 2019-11-20  |y BK  |k LIT 
952 |0 0  |1 0  |4 0  |6 863_000000000000000_LAM_1956  |7 0  |8 A  |9 312738  |a FDOPOS  |b FDOPOS  |d 2019-11-20  |i 1318632  |o 863 LAM 1956  |p 1318632  |r 2025-01-22  |w 2019-11-20  |y BK  |k MLH